[Event "2017CICC"]
[Site "Calgary Alberta"]
[Date "2017.08.07"]
[Round "9.11"]
[White "Dave, Bhavik"]
[Black "Ebrahim-Shirazi, Behrooz"]
[Result "0-1"]
[WhiteElo "1771"]
[BlackElo "2037"]
[PlyCount "74"]
[EventDate "2017.08.??"]
[SourceDate "2017.09.01"]

1. d4 c5 2. d5 e5 3. e4 Nf6 4. Qd3 d6 5. c4 g6 6. Nc3 Bg7 7. Be2 O-O 8. Nf3 a6
9. h3 Nh5 10. g3 Nd7 11. Ng5 Ndf6 12. Be3 h6 13. Nf3 b5 14. cxb5 axb5 15. Nxb5
Ba6 16. Nd2 Qd7 17. a4 Rfb8 18. Ra3 g5 19. Kf1 Qe7 20. Kg2 Nf4+ 21. gxf4 exf4
22. Bxc5 dxc5 23. f3 Nh5 24. Rb3 Ng3 25. Re1 Bc8 26. Bf1 Qd7 27. Kh2 Rxa4 28.
Nc3 Rxb3 29. Nxb3 c4 30. Qd2 Nxf1+ 31. Rxf1 Qxh3+ 32. Kg1 Bxc3 33. Qxc3 cxb3
34. Qc6 Bd7 35. Qf6 Ra8 36. e5 Bb5 37. Rd1 Qg3+ 0-1

[Event "2017JohnSchleinich"]
[Site "Calgary"]
[Date "2017.??.??"]
[Round "1.6"]
[White "Ebrahim-Shirzai, Behrooz"]
[Black "Ali, Husain"]
[Result "1/2-1/2"]
[WhiteElo "2066"]
[BlackElo "1821"]
[PlyCount "84"]
[EventDate "2017.??.??"]
[SourceDate "2017.09.01"]

1. d4 d5 2. c4 c6 3. Nf3 Nf6 4. e3 Bf5 5. Nc3 e6 6. Nh4 Bg6 7. Nxg6 hxg6 8. Bd3
Nbd7 9. Bd2 Qc7 10. h3 Bd6 11. c5 Be7 12. f4 Nh5 13. O-O f5 14. b4 Ndf6 15. Be1
Ne4 16. Nxe4 dxe4 17. Bc4 Qd7 18. Qb3 Kf7 19. Bd2 Nf6 20. Rfd1 Nd5 21. b5 g5
22. fxg5 Bxg5 23. Rf1 g6 24. Rab1 Qc7 25. bxc6 bxc6 26. Bxd5 exd5 27. Qb7 Rac8
28. Kf2 Ke6 29. Qxc7 Rxc7 30. Rb3 Rf7 31. Ke2 Rhh7 32. Rfb1 f4 33. exf4 Bxf4
34. Bxf4 Rxf4 35. Rg3 Rf6 36. Ke3 Rg7 37. Rg4 g5 38. Rb3 Rf4 39. Rxg5 Rxg5 40.
Kxf4 Rxg2 41. Ra3 Rf2+ 42. Kg4 Rg2+ 1/2-1/2

[Event "2017JohnSchleinich"]
[Site "Calgary"]
[Date "2017.??.??"]
[Round "2.4"]
[White "Willis, Brad"]
[Black "Ali, Husain"]
[Result "1/2-1/2"]
[WhiteElo "1951"]
[BlackElo "1821"]
[PlyCount "48"]
[EventDate "2017.??.??"]
[SourceDate "2017.09.01"]

1. f4 d5 2. Nf3 c5 3. e3 Nf6 4. b3 Nc6 5. Bb5 Bd7 6. Bb2 e6 7. O-O a6 8. Bxc6
Bxc6 9. Ne5 Rc8 10. a4 Be7 11. d3 O-O 12. Nd2 Nd7 13. Nxc6 Rxc6 14. e4 f5 15.
Qf3 Nf6 16. e5 Nd7 17. a5 g5 18. fxg5 Bxg5 19. Qe2 Kh8 20. Nf3 Rg8 21. Nxg5
Qxg5 22. Bc1 Qg7 23. Bf4 Nf8 24. Rae1 Qg4 1/2-1/2

[Event "2017 Red Deer Open"]
[Site "?"]
[Date "2017.05.14"]
[Round "5"]
[White "Koperski, Dustin"]
[Black "Ali, Husain"]
[Result "1-0"]
[WhiteElo "1792"]
[BlackElo "1898"]
[PlyCount "44"]
[EventDate "2017.??.??"]
[SourceDate "2017.09.01"]

1. e4 e5 2. Nf3 f6 3. Nxe5 Qe7 4. Nf3 d5 5. d3 dxe4 6. dxe4 Qxe4+ 7. Be2 Bf5 8.
c3 Bd6 9. Be3 Ne7 10. Nbd2 Qc2 11. Qxc2 Bxc2 12. Nd4 Ba4 13. O-O Bd7 14. Ne4
Be5 15. Nf3 Nbc6 16. Nc5 Bc8 17. Nxe5 Nxe5 18. f4 N5c6 19. Rad1 b6 20. Na6 Bxa6
21. Bxa6 Rd8 22. Rxd8+ Nxd8 1-0

[Event "2017MOK"]
[Site "Calgary"]
[Date "2017.??.??"]
[Round "1.5"]
[White "Wang, Paul"]
[Black "Ali, Husain"]
[Result "1/2-1/2"]
[WhiteElo "1296"]
[BlackElo "1932"]
[PlyCount "71"]
[EventDate "2017.??.??"]
[SourceDate "2017.09.01"]

1. e4 e5 2. Nf3 Nc6 3. Bc4 h6 4. Nc3 Nf6 5. d3 Bb4 6. O-O O-O 7. Nd5 d6 8. Nxb4
Nxb4 9. c3 Nc6 10. h3 Na5 11. Bb3 Nxb3 12. Qxb3 Nh5 13. d4 Qf6 14. Re1 Bxh3 15.
dxe5 dxe5 16. Nxe5 Be6 17. Qb5 c6 18. Nxc6 Bd7 19. Qxh5 Bxc6 20. e5 Qe6 21. Bf4
Qd5 22. Qg4 Qe6 23. Qxe6 fxe6 24. Be3 b6 25. a4 Rfd8 26. a5 b5 27. Bc5 a6 28.
Be7 Rd7 29. Bd6 Bd5 30. Re3 Rc8 31. Kh2 Kf7 32. b4 g5 33. g4 Kg6 34. Kg3 Rf7
35. Rf1 Rf4 36. f3 1/2-1/2

[Event "Alberta Closed"]
[Site "?"]
[Date "2017.04.16"]
[Round "4"]
[White "Kazmaier, Dan"]
[Black "Arruebarrena, Rafael"]
[Result "1/2-1/2"]
[WhiteElo "2302"]
[BlackElo "2324"]
[PlyCount "87"]
[EventDate "2017.??.??"]
[SourceDate "2017.09.01"]

1. d4 Nf6 2. f4 c5 3. e3 e6 4. Nf3 Be7 5. Bd3 O-O 6. O-O b6 7. c3 Bb7 8. Nbd2
Nc6 9. Ne5 cxd4 10. exd4 d6 11. Nxc6 Bxc6 12. Qe2 Re8 13. Nf3 Bf8 14. Bd2 Qd7
15. Rae1 b5 16. Qf2 g6 17. Qh4 Bg7 18. Re3 Qb7 19. Rfe1 a6 20. Qh3 Rac8 21. Ng5
Qd7 22. Qh4 Bd5 23. a3 h6 24. Ne4 Nxe4 25. Bxe4 Bxe4 26. Rxe4 d5 27. R4e2 a5
28. Kf1 h5 29. g4 hxg4 30. Qxg4 b4 31. axb4 axb4 32. h4 bxc3 33. bxc3 Qb5 34.
Qf3 Ra8 35. Kg2 Ra2 36. h5 Qd7 37. Qg4 gxh5 38. Qxh5 Rb8 39. Qg5 f6 40. Qg4
Rbb2 41. Be3 f5 42. Qh5 Qf7 43. Qxf7+ Kxf7 44. Kf3 1/2-1/2

[Event "Alberta Closed"]
[Site "?"]
[Date "2017.04.14"]
[Round "1"]
[White "Valencia, Belsar"]
[Black "Arruebarrena, Rafael"]
[Result "1-0"]
[WhiteElo "2380"]
[BlackElo "2324"]
[PlyCount "61"]
[EventDate "2017.??.??"]
[SourceDate "2017.09.01"]

1. c4 e5 2. Nc3 Bb4 3. Qc2 Nf6 4. Nf3 Qe7 5. e4 Bxc3 6. bxc3 O-O 7. d3 h6 8. g3
d6 9. Bg2 Nbd7 10. O-O Nc5 11. Nh4 Be6 12. f4 Rfe8 13. Bd2 Rad8 14. Rae1 c6 15.
d4 Bxc4 16. dxc5 Bxf1 17. Bxf1 exf4 18. Nf5 Qe5 19. gxf4 Qxc5+ 20. Be3 Qa5 21.
Qg2 Nh5 22. Bd4 g6 23. Nxh6+ Kf8 24. f5 c5 25. fxg6 cxd4 26. gxf7 Re6 27. Qg8+
Ke7 28. Nf5+ Kd7 29. f8=Q Rxf8 30. Qxf8 Rf6 31. Qe7+ 1-0

[Event "Alberta Closed"]
[Site "?"]
[Date "2017.04.15"]
[Round "2"]
[White "Ng, Gary"]
[Black "Arruebarrena, Rafael"]
[Result "0-1"]
[WhiteElo "2352"]
[BlackElo "2324"]
[PlyCount "80"]
[EventDate "2017.??.??"]
[SourceDate "2017.09.01"]

1. Nf3 d5 2. c4 e6 3. g3 Nf6 4. Bg2 Be7 5. O-O O-O 6. d4 dxc4 7. Ne5 Nc6 8.
Nxc6 bxc6 9. Na3 Bxa3 10. bxa3 Nd5 11. Qa4 Nb6 12. Qxc6 Rb8 13. Qc5 Ba6 14. Rd1
Qc8 15. e4 Na4 16. Qa5 Nb2 17. Rd2 Nd3 18. Rc2 Rd8 19. Be3 Rb5 20. Qd2 Qb8 21.
Qd1 h6 22. Bf1 Qb7 23. Qg4 Kf8 24. Qh4 Re8 25. Bxd3 cxd3 26. Rd2 Rb1+ 27. Rxb1
Qxb1+ 28. Kg2 Bb7 29. Qf4 Kg8 30. f3 f5 31. Rf2 Rf8 32. Qe5 fxe4 33. Qxe6+ Kh8
34. f4 Qe1 35. Qe7 Rg8 36. Qb4 Qxe3 37. Qxb7 Qxd4 38. Qb4 Qxb4 39. axb4 e3 40.
Rb2 d2 0-1

[Event "Alberta Closed"]
[Site "?"]
[Date "2017.04.16"]
[Round "4"]
[White "Ng, Gary"]
[Black "Banerjee, Bitan"]
[Result "0-1"]
[WhiteElo "2352"]
[BlackElo "2434"]
[PlyCount "72"]
[EventDate "2017.??.??"]
[SourceDate "2017.09.01"]

1. Nf3 Nf6 2. g3 g6 3. b3 Bg7 4. Bb2 O-O 5. Bg2 c6 6. c4 a5 7. O-O Na6 8. Re1
d6 9. e4 e5 10. d4 exd4 11. Nxd4 Re8 12. Nc3 Nc5 13. Rb1 Ng4 14. h3 Ne5 15. Bf1
Qf6 16. Kg2 g5 17. f3 h5 18. Re3 Nxc4 19. Bxc4 Qxd4 20. Qe1 Qf6 21. Na4 Qd8 22.
Bxg7 Kxg7 23. Nxc5 dxc5 24. Rd1 Qe7 25. Qc3+ Qe5 26. Qd2 Bf5 27. Rd3 Bg6 28. a4
g4 29. Rd7 gxf3+ 30. Kh2 h4 31. Rg1 Rh8 32. Qf4 hxg3+ 33. Qxg3 Rxh3+ 34. Kxh3
Rh8+ 35. Kg4 Qxe4+ 36. Qf4 Rh4+ 0-1

[Event "Alberta Closed"]
[Site "?"]
[Date "2017.04.15"]
[Round "3"]
[White "Arruebarrena, Rafael"]
[Black "Banerjee, Bitan"]
[Result "0-1"]
[WhiteElo "2324"]
[BlackElo "2434"]
[PlyCount "64"]
[EventDate "2017.??.??"]
[SourceDate "2017.09.01"]

1. e4 e6 2. d4 d5 3. Nc3 Nf6 4. e5 Nfd7 5. f4 c5 6. Nf3 Be7 7. Be3 O-O 8. Qd2
b6 9. h4 Nc6 10. h5 f5 11. dxc5 Nxc5 12. Bb5 Bb7 13. Bxc6 Bxc6 14. Nd4 Qc8 15.
O-O-O b5 16. Qe1 b4 17. Nce2 Bd7 18. g4 fxg4 19. Qg3 a5 20. Qxg4 Rf7 21. f5
exf5 22. Qg2 b3 23. Qxd5 a4 24. Nc3 bxc2 25. Kxc2 f4 26. Bxf4 Ne6 27. Be3 Nxd4+
28. Qxd4 Bf5+ 29. Kc1 a3 30. b3 Qc6 31. Bd2 Rd8 32. Qc4 Rxd2 0-1

[Event "2017 Northern Alberta Open"]
[Site "?"]
[Date "2017.02.19"]
[Round "5"]
[White "Arruebarrena, Rafael"]
[Black "Banerjee, Bitan"]
[Result "0-1"]
[WhiteElo "2335"]
[BlackElo "2415"]
[PlyCount "98"]
[EventDate "2017.??.??"]
[SourceDate "2017.09.01"]

1. e4 c5 2. Nf3 d6 3. d4 Nf6 4. Nc3 cxd4 5. Nxd4 a6 6. Bg5 e6 7. f4 Be7 8. Qf3
Qc7 9. O-O-O h6 10. Bh4 Nbd7 11. g4 g5 12. fxg5 Ne5 13. Qe2 Nfxg4 14. Rg1 hxg5
15. Bg3 Nf6 16. Nf3 g4 17. Nxe5 dxe5 18. h3 gxh3 19. Rh1 b5 20. Bxh3 b4 21. Nd5
exd5 22. Bd7+ Kxd7 23. Rxh8 Bb7 24. Rxa8 Bxa8 25. exd5 Nxd5 26. Bxe5 Qc6 27.
Qf2 f6 28. Bd4 Kc7 29. Rg1 Qe6 30. Bc5 Bc6 31. Bxe7 Qxe7 32. Re1 Qd6 33. Kb1
Kb7 34. Rg1 a5 35. Rg7+ Nc7 36. b3 f5 37. Rxc7+ Kxc7 38. Qxf5 Kb6 39. Qf2+ Qc5
40. Qd2 Kb7 41. Kb2 Qe5+ 42. c3 Kc8 43. a3 Be4 44. axb4 axb4 45. Qe1 Kd7 46.
Qd2+ Ke8 47. Qe1 Kf8 48. Qf2+ Bf5 49. Qf3 Qh2+ 0-1

[Event "Alberta Closed"]
[Site "?"]
[Date "2017.04.14"]
[Round "1"]
[White "Haessel, Dale"]
[Black "Banerjee, Bitan"]
[Result "1-0"]
[WhiteElo "2095"]
[BlackElo "2364"]
[PlyCount "53"]
[EventDate "2017.??.??"]
[SourceDate "2017.09.01"]

1. d4 Nf6 2. c4 g6 3. Nc3 Bg7 4. e4 O-O 5. Nf3 d6 6. h3 Na6 7. Bg5 Qe8 8. Be2
e5 9. d5 Nh5 10. g3 f5 11. exf5 gxf5 12. Nh4 Nf6 13. Qc2 h6 14. Be3 f4 15. gxf4
exf4 16. Bd4 Nb4 17. Qd2 f3 18. Nxf3 Bf5 19. O-O-O Ne4 20. Rdg1 Bg6 21. Qe3
Nxc3 22. bxc3 Qa4 23. Qd2 Nxa2+ 24. Kb2 Nb4 25. cxb4 Rxf3 26. Rxg6 Qa3+ 27. Kc2
1-0

[Event "2017 Alberta Seniors Championship"]
[Site "?"]
[Date "2017.04.08"]
[Round "3"]
[White "Majaducon, Willy"]
[Black "Behnke, Rick"]
[Result "1-0"]
[WhiteElo "1916"]
[BlackElo "1161"]
[PlyCount "89"]
[EventDate "2017.??.??"]
[SourceDate "2017.09.01"]

1. d4 Nf6 2. c4 d6 3. Nc3 g6 4. g3 Bg7 5. Bg2 O-O 6. Nf3 c6 7. O-O Nbd7 8. e4
Qc7 9. Re1 e5 10. dxe5 Nxe5 11. Nxe5 dxe5 12. c5 Be6 13. f3 Rad8 14. Qa4 b6 15.
Be3 b5 16. Qa6 Bc8 17. Qa3 a5 18. b4 a4 19. Rad1 Be6 20. Rd6 Ne8 21. Rxd8 Qxd8
22. Rd1 Qc8 23. Qb2 Bc4 24. Qd2 Qe6 25. h4 f6 26. Kh2 Qe7 27. Qd7 Kf7 28. Qxc6
Be6 29. Nxb5 f5 30. Bh3 Nf6 31. exf5 gxf5 32. Bg5 h6 33. Bxf6 Bxf6 34. a3 Bxh4
35. Nd6+ Kg6 36. gxh4 Qxh4 37. Rg1+ Kh5 38. Rg3 f4 39. Rg4 Qf2+ 40. Bg2 Bxg4
41. fxg4+ Kxg4 42. Qd7+ Kh5 43. Qh3+ Qh4 44. Bf3+ Kg5 45. Ne4+ 1-0

[Event "2017 Alberta Seniors Championship"]
[Site "?"]
[Date "2017.04.08"]
[Round "1"]
[White "McKay, Arnold"]
[Black "Behnke, Rick"]
[Result "1-0"]
[WhiteElo "1819"]
[BlackElo "1161"]
[PlyCount "59"]
[EventDate "2017.??.??"]
[SourceDate "2017.09.01"]

1. d4 Nf6 2. Nf3 d6 3. e3 g6 4. Bd3 Bg7 5. Nbd2 O-O 6. c3 Nbd7 7. e4 e6 8. O-O
c5 9. Re1 e5 10. d5 Rb8 11. a4 a6 12. a5 b6 13. axb6 Qxb6 14. Qe2 a5 15. Nc4
Qc7 16. Rxa5 Nb6 17. Ra3 Bd7 18. h3 Ra8 19. Nfd2 Nh5 20. Nb1 Nxc4 21. Bxc4 Rxa3
22. Nxa3 f5 23. exf5 Nf4 24. Bxf4 exf4 25. f3 Bxf5 26. Qd2 Be5 27. Rxe5 Qd7 28.
Re1 Bxh3 29. gxh3 Qxh3 30. Qg2 1-0

[Event "2017 Alberta Seniors Championship"]
[Site "?"]
[Date "2017.04.08"]
[Round "4"]
[White "Behnke, Rick"]
[Black "Beresinski, Piotr"]
[Result "0-1"]
[WhiteElo "1161"]
[BlackElo "1921"]
[PlyCount "54"]
[EventDate "2017.??.??"]
[SourceDate "2017.09.01"]

1. e4 b6 2. d4 Bb7 3. Nc3 e6 4. Bd3 Bb4 5. Bd2 Nf6 6. Qe2 d5 7. e5 Bxc3 8. Bxc3
Ne4 9. Qg4 O-O 10. Ne2 f5 11. Qh3 Nxc3 12. Nxc3 c5 13. Nb5 Ba6 14. Nd6 Bxd3 15.
Qxd3 Qg5 16. Qg3 Qxg3 17. hxg3 f4 18. f3 Nc6 19. c3 cxd4 20. cxd4 Nxd4 21. Kd2
Rad8 22. gxf4 Rxf4 23. Ke3 g5 24. Rh6 Rxd6 25. exd6 Nf5+ 26. Kf2 Nxh6 27. Rc1
Rc4 0-1

[Event "InternationalQualifier"]
[Site "Calgary"]
[Date "2017.??.??"]
[Round "1.1"]
[White "Findlay, Ian"]
[Black "Bin Shoeb, Mashad"]
[Result "1-0"]
[WhiteElo "2280"]
[BlackElo "1848"]
[PlyCount "29"]
[EventDate "2017.??.??"]
[SourceDate "2017.09.01"]

1. e4 e5 2. Nf3 d6 3. d4 exd4 4. Nxd4 Nf6 5. Nc3 g6 6. Be3 Bg7 7. f3 O-O 8. Qd2
Nc6 9. O-O-O Bd7 10. g4 Rc8 11. h4 h5 12. gxh5 Nxh5 13. Rg1 Ne5 14. Bh6 Nc4 15.
Bxc4 1-0

[Event "2017JohnSchleinich"]
[Site "Calgary"]
[Date "2017.??.??"]
[Round "3.2"]
[White "Findlay, Ian"]
[Black "Boehmer, Kris"]
[Result "1-0"]
[WhiteElo "2289"]
[BlackElo "2170"]
[PlyCount "99"]
[EventDate "2017.??.??"]
[SourceDate "2017.09.01"]

1. e4 c5 2. Nf3 Nc6 3. d4 cxd4 4. Nxd4 g6 5. c4 Bg7 6. Be3 Nf6 7. Nc3 d6 8. Be2
O-O 9. O-O Nxd4 10. Bxd4 Bd7 11. Qd2 Bc6 12. f3 a5 13. Rab1 Nd7 14. Bf2 Nc5 15.
b3 e6 16. Bg3 Be5 17. Bxe5 dxe5 18. Rfd1 Qe7 19. Qd6 Qxd6 20. Rxd6 Rfd8 21.
Rbd1 Rxd6 22. Rxd6 Kf8 23. Kf2 Ke7 24. Rd2 Rd8 25. Rxd8 Kxd8 26. Ke3 Kc7 27.
Bd1 Kd6 28. a3 Na6 29. Na2 Kc5 30. Nc1 b5 31. Nd3+ Kd6 32. cxb5 Bxb5 33. Be2
Nb8 34. Nb2 Bxe2 35. Kxe2 Kc5 36. Kd3 f6 37. Kc3 Nc6 38. Nd3+ Kb5 39. a4+ Kb6
40. Kc4 Nd4 41. f4 Nc2 42. fxe5 fxe5 43. Nxe5 Ne3+ 44. Kd4 Nxg2 45. Nc4+ Ka6
46. Ke5 g5 47. Kxe6 Nh4 48. e5 g4 49. Kf6 Ng6 50. Kg5 1-0

[Event "2017 Alberta Youth"]
[Site "?"]
[Date "2017.02.25"]
[Round "2"]
[White "Saad, Mattias"]
[Black "Chandra, Anand"]
[Result "0-1"]
[WhiteElo "789"]
[BlackElo "1655"]
[PlyCount "58"]
[EventDate "2017.04.24"]
[SourceDate "2017.09.01"]

1. e4 c5 2. Nf3 d6 3. Bb5+ Bd7 4. Bxd7+ Qxd7 5. d3 Nc6 6. Nc3 Nf6 7. Bg5 h6 8.
Bxf6 exf6 9. O-O Be7 10. b3 O-O 11. b4 Nxb4 12. a3 Nc6 13. Rb1 a6 14. a4 Nb4
15. Nd5 Nxd5 16. exd5 Rab8 17. a5 Qc7 18. Qe1 Rfe8 19. c4 Kf8 20. Qe4 Kg8 21.
Rfc1 Qxa5 22. Rc2 Bf8 23. Qe1 Rxe1+ 24. Rxe1 g5 25. Rce2 Kg7 26. Nxg5 hxg5 27.
Re8 Rxe8 28. Rxe8 Qa1+ 29. Re1 Qxe1# 0-1

[Event "2017 Red Deer Open"]
[Site "?"]
[Date "2017.05.14"]
[Round "5"]
[White "Scholz, Mike"]
[Black "Chandra, Anand Rishi"]
[Result "0-1"]
[WhiteElo "1495"]
[BlackElo "1747"]
[PlyCount "46"]
[EventDate "2017.??.??"]
[SourceDate "2017.09.01"]

1. e4 c5 2. Nf3 d6 3. Nc3 Nf6 4. d4 cxd4 5. Qxd4 Nc6 6. Bb5 Bd7 7. Bxc6 Bxc6 8.
O-O e6 9. Bg5 h6 10. Bxf6 Qxf6 11. Qxf6 gxf6 12. b4 Rc8 13. Rac1 Bd7 14. Nb1
Bb5 15. Rfe1 h5 16. Na3 Bd7 17. c3 Bh6 18. h3 Bxc1 19. Rxc1 Rg8 20. Nc4 Rxc4
21. Nd2 Rc8 22. c4 e5 23. Nb3 Bxh3 0-1

[Event "2017MOK"]
[Site "Calgary"]
[Date "2017.??.??"]
[Round "4.10"]
[White "Sharma, Vishruth"]
[Black "Chandra, Anand Rishi"]
[Result "1-0"]
[WhiteElo "1606"]
[BlackElo "1681"]
[PlyCount "53"]
[EventDate "2017.??.??"]
[SourceDate "2017.09.01"]

1. e4 c5 2. Nf3 d6 3. d4 cxd4 4. Nxd4 a6 5. Nc3 Nf6 6. f3 Nbd7 7. Be3 e6 8. Bc4
Ne5 9. Bb3 Bd7 10. Qd2 b5 11. O-O-O Rc8 12. g4 Nc4 13. Bxc4 bxc4 14. g5 Nh5 15.
f4 g6 16. Qe2 Ng7 17. h4 Be7 18. Rdf1 a5 19. h5 Nxh5 20. Rxh5 gxh5 21. Qxh5 a4
22. f5 exf5 23. exf5 Qb6 24. f6 Be6 25. fxe7 Kd7 26. Rxf7 Bxf7 27. Qxf7 1-0

[Event "2017 Red Deer Open"]
[Site "?"]
[Date "2017.05.14"]
[Round "5"]
[White "White, Chris"]
[Black "Chen, Andrew"]
[Result "1/2-1/2"]
[WhiteElo "1750"]
[BlackElo "1610"]
[PlyCount "52"]
[EventDate "2017.??.??"]
[SourceDate "2017.09.01"]

1. d4 d5 2. c4 dxc4 3. Nc3 Nf6 4. e3 e6 5. Bxc4 c5 6. Nf3 Be7 7. O-O O-O 8. e4
cxd4 9. Nxd4 e5 10. Ndb5 Nc6 11. Bg5 a6 12. Qxd8 Rxd8 13. Nc7 Rb8 14. Rfd1 Bg4
15. f3 Bh5 16. Bxf6 Bxf6 17. N7d5 Bg5 18. Ne2 Ne7 19. Kf2 Kf8 20. g3 f6 21. h4
Bh6 22. Nb6 Be8 23. Nc3 Bc6 24. Ncd5 Nxd5 25. Bxd5 Bxd5 26. exd5 Rd6 1/2-1/2

[Event "2017 Red Deer Open"]
[Site "?"]
[Date "2017.05.14"]
[Round "5"]
[White "Ali, Husain"]
[Black "Chen, Andrew"]
[Result "0-1"]
[WhiteElo "1898"]
[BlackElo "1650"]
[PlyCount "86"]
[EventDate "2017.??.??"]
[SourceDate "2017.09.01"]

1. d4 d5 2. c4 dxc4 3. a4 e6 4. e3 Nf6 5. Bxc4 c5 6. Nf3 Nc6 7. Bb5 Bd7 8. O-O
a6 9. Bxc6 Bxc6 10. Nc3 Be7 11. Qe2 O-O 12. Rd1 Qc7 13. e4 cxd4 14. Nxd4 Bb4
15. f3 Rfd8 16. Qc4 Bxc3 17. bxc3 e5 18. Bg5 exd4 19. cxd4 Rdc8 20. Rac1 Ne8
21. Rd3 h6 22. Be3 Bd7 23. Qb3 Qb8 24. Rdc3 Rxc3 25. Rxc3 b5 26. a5 Qb7 27. d5
Rc8 28. Bc5 Qb8 29. Qb4 Qe5 30. Bd4 Qd6 31. Bc5 Qb8 32. g3 g5 33. Qd4 f6 34.
Kf2 Kf7 35. Ke3 Nd6 36. f4 Nb7 37. e5 Nxc5 38. Rxc5 gxf4+ 39. gxf4 fxe5 40.
fxe5 Rxc5 41. e6+ Bxe6 42. dxe6+ Kxe6 43. Qxc5 Qe5+ 0-1

[Event "InternationalQualifier"]
[Site "Calgary"]
[Date "2017.??.??"]
[Round "1.5"]
[White "Gold, Itohan"]
[Black "Chen, Andrew"]
[Result "1-0"]
[WhiteElo "2108"]
[BlackElo "1831"]
[PlyCount "42"]
[EventDate "2017.??.??"]
[SourceDate "2017.09.01"]

1. e4 e5 2. Nf3 Nf6 3. Nxe5 d6 4. Nf3 Nxe4 5. d4 d5 6. Bd3 Nc6 7. O-O Be7 8. c4
Nb4 9. Be2 O-O 10. Nc3 Bf5 11. cxd5 Nxd5 12. Qb3 Nb6 13. Be3 c6 14. Rfd1 Be6
15. Qc2 Nf6 16. Ng5 Bc4 17. Bf3 h6 18. Nge4 Nbd5 19. Nxf6+ Bxf6 20. Ne4 Ba6 21.
Nc5 Nc7 1-0

[Event "2017MOK"]
[Site "Calgary"]
[Date "2017.??.??"]
[Round "3.8"]
[White "Sklenka, Steve"]
[Black "Chen, Andrew"]
[Result "1/2-1/2"]
[WhiteElo "1617"]
[BlackElo "1577"]
[PlyCount "65"]
[EventDate "2017.??.??"]
[SourceDate "2017.09.01"]

1. d4 d5 2. c4 dxc4 3. a4 a6 4. e3 Nf6 5. Bxc4 Bf5 6. Nf3 e6 7. O-O Be7 8. Nc3
Nbd7 9. b3 O-O 10. Re1 Ne4 11. Nxe4 Bxe4 12. Bd3 Bxd3 13. Qxd3 Nf6 14. Ne5 Nd7
15. Nf3 Bf6 16. Ba3 Rc8 17. Rac1 c6 18. Red1 Qb6 19. Nd2 Be7 20. Nc4 Qc7 21.
Bb2 Rce8 22. Qc2 Nb6 23. Ne5 Nd7 24. Nc4 Nb6 25. Ne5 Nd7 26. Nf3 Bf6 27. e4 c5
28. e5 Be7 29. b4 b6 30. Ne1 Qb7 31. bxc5 bxc5 32. Rd3 cxd4 33. Bxd4 1/2-1/2

[Event "2017 Alberta Youth"]
[Site "?"]
[Date "2017.02.25"]
[Round "2"]
[White "Wang, Kaixin"]
[Black "Chen, Jeffrey"]
[Result "1-0"]
[WhiteElo "1848"]
[BlackElo "1451"]
[PlyCount "53"]
[EventDate "2017.04.24"]
[SourceDate "2017.09.01"]

1. e4 e5 2. f4 d5 3. exd5 exf4 4. Nf3 Qxd5 5. Nc3 Qa5 6. d4 Nf6 7. Bxf4 Bb4 8.
Bd2 O-O 9. Be2 Bf5 10. O-O Rd8 11. Bc4 c6 12. a3 Bxc3 13. Bxc3 Qc7 14. Ng5 Bg6
15. Be1 Qb6 16. Bc3 h6 17. Nf3 Nd5 18. Ne5 Ne3 19. Qf3 Nxc4 20. Nxg6 Qc7 21.
Nh4 Rf8 22. Nf5 Nd7 23. Qg4 g6 24. Nxh6+ Kh7 25. Nxf7 Ne3 26. Qh4+ Kg8 27. Qh8#
1-0

[Event "2017 Alberta Seniors Championship"]
[Site "?"]
[Date "2017.04.08"]
[Round "2"]
[White "Beresinski, Piotr"]
[Black "Daniluk, Jim"]
[Result "0-1"]
[WhiteElo "1921"]
[BlackElo "1964"]
[PlyCount "132"]
[EventDate "2017.??.??"]
[SourceDate "2017.09.01"]

1. Nf3 g6 2. e4 c5 3. c3 d5 4. Bb5+ Bd7 5. Bxd7+ Qxd7 6. exd5 Qxd5 7. O-O Nc6
8. d4 Bg7 9. Be3 cxd4 10. Nxd4 Nxd4 11. cxd4 Nh6 12. Nc3 Qd7 13. Qa4 Qxa4 14.
Nxa4 Nf5 15. Rad1 O-O 16. Nc3 Rfd8 17. d5 b6 18. Rd2 Nd6 19. Rc2 Nc4 20. Bc1
Rac8 21. Rd1 Rc5 22. b4 Rcc8 23. Nb5 Rd7 24. d6 a6 25. Na3 Rxd6 26. Re1 b5 27.
Nxc4 Rxc4 28. Rxc4 bxc4 29. Bf4 e5 30. Be3 f5 31. Kf1 f4 32. Bc5 Rd3 33. Rc1 c3
34. f3 Kf7 35. Rc2 Ke6 36. Ke2 Rd2+ 37. Rxd2 cxd2 38. Kxd2 Kd5 39. Kd3 a5 40.
a3 Bf6 41. Bf2 axb4 42. axb4 g5 43. h3 h5 44. Be1 Be7 45. Bc3 Bd6 46. Be1 Bc7
47. Bf2 Bd6 48. b5 Bb8 49. Bb6 g4 50. Bd8 gxh3 51. gxh3 Kc5 52. b6 Kc6 53. Bc7
Bxc7 54. bxc7 Kxc7 55. Ke4 Kd6 56. Kd3 h4 57. Ke2 Kd5 58. Kd3 e4+ 59. fxe4+ Ke5
60. Kd2 Kxe4 61. Ke2 f3+ 62. Kf1 Kf5 63. Kg1 Kg5 64. Kf1 Kf4 65. Kf2 Ke4 66.
Kg1 Ke3 0-1

[Event "2017MOK"]
[Site "Calgary"]
[Date "2017.??.??"]
[Round "2.2"]
[White "Findlay, Ian"]
[Black "Daniluk, Jim"]
[Result "1-0"]
[WhiteElo "2290"]
[BlackElo "1951"]
[PlyCount "43"]
[EventDate "2017.??.??"]
[SourceDate "2017.09.01"]

1. e4 c5 2. Nf3 Nc6 3. d4 cxd4 4. Nxd4 Nf6 5. Nc3 e5 6. Ndb5 d6 7. Bg5 a6 8.
Na3 b5 9. Bxf6 gxf6 10. Nd5 f5 11. Bd3 Rg8 12. c3 Rxg2 13. Qf3 Rg4 14. exf5 e4
15. Qxg4 exd3 16. O-O-O Bh6+ 17. f4 Ne5 18. Qh5 Bb7 19. Qxh6 Bxd5 20. Rhe1 b4
21. Rxd3 Qa5 22. Qxd6 1-0

[Event "2017 Alberta Seniors Championship"]
[Site "?"]
[Date "2017.04.09"]
[Round "5"]
[White "Booker, Brad"]
[Black "Daniluk, Jim"]
[Result "1/2-1/2"]
[WhiteElo "2200"]
[BlackElo "1964"]
[PlyCount "37"]
[EventDate "2017.??.??"]
[SourceDate "2017.09.01"]

1. e4 c5 2. Nc3 a6 3. a4 Nc6 4. Bc4 g6 5. f4 d6 6. Nf3 Bg7 7. d3 e6 8. O-O Nge7
9. Qe1 Nd4 10. Nxd4 cxd4 11. Ne2 d5 12. Ba2 dxe4 13. dxe4 Qc7 14. e5 Nf5 15.
Rf2 h5 16. Qd2 Bf8 17. b4 a5 18. b5 Bc5 19. Qd3 1/2-1/2

[Event "2017JohnSchleinich"]
[Site "Calgary"]
[Date "2017.??.??"]
[Round "1.6"]
[White "Dave, Bhavik"]
[Black "Daniluk, Jim"]
[Result "1/2-1/2"]
[WhiteElo "1909"]
[BlackElo "1995"]
[PlyCount "67"]
[EventDate "2017.??.??"]
[SourceDate "2017.09.01"]

1. d4 Nf6 2. c4 g6 3. Nc3 d5 4. cxd5 Nxd5 5. e4 Nxc3 6. bxc3 Bg7 7. Bc4 c5 8.
Ne2 O-O 9. Be3 Qc7 10. Rc1 Rd8 11. O-O Nc6 12. Qc2 Na5 13. Bb3 a6 14. dxc5 Nxb3
15. axb3 e5 16. b4 Be6 17. Rcd1 f6 18. Rxd8+ Rxd8 19. Rd1 Bc4 20. f3 Rd7 21.
Kf2 Bf8 22. Rxd7 Qxd7 23. Qd2 Qb5 24. g3 Kf7 25. f4 a5 26. Ng1 exf4 27. gxf4 a4
28. Qb2 Qa6 29. Bc1 Qc6 30. Ke3 Bxc5+ 31. bxc5 Qxc5+ 32. Kf3 Qxg1 33. Qxb7+ Kg8
34. Qc8+ 1/2-1/2

[Event "2017JohnSchleinich"]
[Site "Calgary"]
[Date "2017.??.??"]
[Round "4.4"]
[White "Ali, Husain"]
[Black "Daniluk, Jim"]
[Result "0-1"]
[WhiteElo "1821"]
[BlackElo "1995"]
[PlyCount "86"]
[EventDate "2017.??.??"]
[SourceDate "2017.09.01"]

1. e4 c5 2. Nf3 Nc6 3. d4 cxd4 4. Nxd4 Nf6 5. Nc3 e5 6. Nf5 d5 7. exd5 Bxf5 8.
dxc6 bxc6 9. Bd3 Bxd3 10. Qxd3 Qxd3 11. cxd3 O-O-O 12. Ke2 Nd5 13. g3 Nb4 14.
Rd1 Nc2 15. Rb1 Nd4+ 16. Kf1 Rd7 17. Be3 Be7 18. Rbc1 Kb7 19. Ne2 Ne6 20. Nc3
Rhd8 21. Ke2 f5 22. Na4 f4 23. Nc5+ Bxc5 24. Bxc5 Rd5 25. b4 R8d7 26. f3 h5 27.
Bf2 g5 28. h3 fxg3 29. Bxg3 Nd4+ 30. Ke3 Nf5+ 31. Kf2 h4 32. Bh2 Rxd3 33. Rxd3
Rxd3 34. Bxe5 Rd2+ 35. Kg1 Rxa2 36. Rc4 Re2 37. Bf6 Nd6 38. Rg4 Re1+ 39. Kf2
Rh1 40. Bxg5 Rxh3 41. Rd4 Nf5 42. Bf6 Rh2+ 43. Ke1 Rh3 0-1